All Europa and champions league winners since 1972 - Statistics

General Stats
  • This quiz has been taken 87 times
    28 since last reset
  • The average score is 88 of 108
Answer Stats
Year Competition Winner % Correct
1982 Champions league Aston Villa
100%
2015 Champions league Barcelona
100%
2011 Champions league Barcelona
100%
2009 Champions league Barcelona
100%
2006 Champions league Barcelona
100%
1992 Champions league Barcelona
100%
2025 Champions league PSG
100%
2024 Champions league Real Madrid
100%
2022 Champions league Real Madrid
100%
2018 Champions league Real Madrid
100%
2017 Champions league Real Madrid
100%
2016 Champions league Real Madrid
100%
2014 Champions league Real Madrid
100%
2002 Champions league Real Madrid
100%
2000 Champions league Real Madrid
100%
1998 Champions league Real Madrid
100%
1986 Europa league Real Madrid
100%
1985 Europa league Real Madrid
100%
2007 Champions league AC Milan
96%
2003 Champions league AC Milan
96%
1994 Champions league AC Milan
96%
1990 Champions league AC Milan
96%
1989 Champions league AC Milan
96%
2020 Champions league Bayern Munich
96%
2013 Champions league Bayern Munich
96%
2001 Champions league Bayern Munich
96%
1976 Champions league Bayern Munich
96%
1975 Champions league Bayern Munich
96%
1974 Champions league Bayern Munich
96%
1996 Europa league Bayern Munich
96%
2021 Champions league Chelsea
96%
2012 Champions league Chelsea
96%
2019 Europa league Chelsea
96%
2013 Europa league Chelsea
96%
2010 Champions league Inter Milan
96%
1998 Europa league Inter Milan
96%
1994 Europa league Inter Milan
96%
1991 Europa league Inter Milan
96%
2023 Champions league Manchester City
96%
2008 Champions league Manchester United
96%
1999 Champions league Manchester United
96%
2017 Europa league Manchester United
96%
2004 Champions league Porto
96%
1987 Champions league Porto
96%
2011 Europa league Porto
96%
2003 Europa league Porto
96%
1997 Champions league Borussia Dortmund
92%
2019 Champions league Liverpool
92%
2005 Champions league Liverpool
92%
1984 Champions league Liverpool
92%
1981 Champions league Liverpool
92%
1978 Champions league Liverpool
92%
1977 Champions league Liverpool
92%
2001 Europa league Liverpool
92%
1976 Europa league Liverpool
92%
1973 Europa league Liverpool
92%
1995 Champions league Ajax
88%
1973 Champions league Ajax
88%
1972 Champions league Ajax
88%
1992 Europa league Ajax
88%
2023 Europa League Sevilla
88%
2020 Europa league Sevilla
88%
2016 Europa league Sevilla
88%
2015 Europa league Sevilla
88%
2014 Europa league Sevilla
88%
2007 Europa league Sevilla
88%
2006 Europa league Sevilla
88%
1996 Champions league Juventus
83%
1985 Champions league Juventus
83%
1993 Europa league Juventus
83%
1990 Europa league Juventus
83%
1977 Europa league Juventus
83%
1980 Champions league Nottingham Forest
83%
1979 Champions league Nottingham Forest
83%
2025 Europa league Tottenham Hotspur
83%
1984 Europa league Tottenham Hotspur
83%
1972 Europa league Tottenham Hotspur
83%
2018 Europa league Atletico Madrid
79%
2012 Europa league Atletico Madrid
79%
2010 Europa league Atletico Madrid
79%
1993 Champions league Marseille
79%
1983 Champions league Hamburg
75%
1988 Champions league PSV
75%
1978 Europa league PSV
75%
2021 Europa league Villarreal
71%
2024 Europa league Atalanta
67%
2002 Europa league Feyenoord
67%
1974 Europa league Feyenoord
67%
2022 Europa league Frankfurt
67%
1980 Europa league Frankfurt
67%
1991 Champions league Red Star Belgrade
67%
2004 Europa league Valencia
67%
1989 Europa league Napoli
63%
2000 Europa league Galatasaray
54%
1986 Champions league Steaua Bucharest
46%
1983 Europa league Anderlecht
38%
1997 Europa league Schalke 04
38%
1979 Europa league BorussiaMönchengladbach
33%
1975 Europa league BorussiaMönchengladbach
33%
2005 Europa league CSKA Moscow
33%
1999 Europa league Parma
33%
1995 Europa league Parma
33%
1988 Europa league Bayer Leverkusen
29%
2009 Europa league Shakhtar Donetsk
29%
1987 Europa league IFK Göteborg
25%
1982 Europa league IFK Göteborg
25%
1981 Europa league Ipswich Town
21%
2008 Europa league Zenit Saint Petersburg
21%
No matching quizzes found
Score Distribution
Percent of People with Each Score
Percentile by Number Answered
Your Score History
You have not taken this quiz since the last reset